A HB OF FIRST- AID (Record no. 2458)
[ view plain ]
| 000 -LEADER | |
|---|---|
| fixed length control field | 00335nam a2200145Ia 4500 |
| 008 - FIXED-LENGTH DATA ELEMENTS--GENERAL INFORMATION | |
| fixed length control field | 150201s2008 xx 000 0 und d |
| 082 ## - DEWEY DECIMAL CLASSIFICATION NUMBER | |
| Classification number | 617.732 |
| Item number | H08M |
| 100 ## - MAIN ENTRY--PERSONAL NAME | |
| Personal name | MAKHIJA, NEELAM |
| 245 #2 - TITLE STATEMENT | |
| Title | A HB OF FIRST- AID |
| 250 ## - EDITION STATEMENT | |
| Edition statement | 1ST |
| 260 ## - PUBLICATION, DISTRIBUTION, ETC. (IMPRINT) | |
| Name of publisher, distributor, etc. | A.P. JAIN |
| Place of publication, distribution, etc. | DELHI |
| Date of publication, distribution, etc. | 2008 |
| 300 ## - PHYSICAL DESCRIPTION | |
| Extent | 305 |
| 650 ## - SUBJECT ADDED ENTRY--TOPICAL TERM | |
| Topical term or geographic name as entry element | FIRST AID |
| 942 ## - ADDED ENTRY ELEMENTS (KOHA) | |
| Source of classification or shelving scheme | Dewey Decimal Classification |
| Koha item type | Books |
| Koha issues (borrowed), all copies | 6 |
| Withdrawn status | Lost status | Source of classification or shelving scheme | Damaged status | Not for loan | Collection code | Home library | Current library | Shelving location | Date acquired | Source of acquisition | Cost, normal purchase price | SGTU | Bill Number | Total Checkouts | Full call number | Barcode | Date last seen | Date last checked out | Bill Date | Koha item type |
|---|---|---|---|---|---|---|---|---|---|---|---|---|---|---|---|---|---|---|---|---|
| Dewey Decimal Classification | NURSING | SGT Medical Library | SGT Medical Library | Text Book | 29/11/2014 | KUMAR BOOK DEPO | 195.00 | SGTU | 400 | 10 | 617.732 H08M | FN2496 | 09/02/2026 | 30/01/2026 | 29/11/2014 | Books | ||||
| Dewey Decimal Classification | NURSING | SGT Medical Library | SGT Medical Library | Text Book | 29/11/2014 | KUMAR BOOK DEPO | 195.00 | SGTU | 400 | 8 | 617.732 H08M | FN2497 | 28/11/2023 | 25/11/2023 | 29/11/2014 | Books | ||||
| Dewey Decimal Classification | NURSING | SGT Medical Library | SGT Medical Library | Text Book | 29/11/2014 | KUMAR BOOK DEPO | 195.00 | SGTU | 400 | 8 | 617.732 H08M | FN2498 | 29/09/2025 | 16/09/2025 | 29/11/2014 | Books | ||||
| Dewey Decimal Classification | NURSING | SGT Medical Library | SGT Medical Library | Text Book | 29/11/2014 | KUMAR BOOK DEPO | 195.00 | SGTU | 400 | 3 | 617.732 H08M | FN2499 | 08/04/2021 | 21/09/2019 | 29/11/2014 | Books | ||||
| Dewey Decimal Classification | NURSING | SGT Medical Library | SGT Medical Library | Text Book | 29/11/2014 | KUMAR BOOK DEPO | 195.00 | SGTU | 400 | 3 | 617.732 H08M | FN2500 | 29/09/2025 | 16/09/2025 | 29/11/2014 | Books |